Idolaku
| Main Author: | |
|---|---|
| Format: | Book |
| Published: |
Petaling Jaya :
Penerbit Prisma Sdn. Bhd. ,
2005
|
| Series: | Warna-warna hidup
|
| Subjects: |
MARC
| LEADER | 00000cam a2200000 7i4500 | ||
|---|---|---|---|
| 001 | 0000066150 | ||
| 005 | 20160919.0 | ||
| 008 | 160919 | ||
| 020 | |a 9789838772624 | ||
| 020 | |a 9838772593 (set) | ||
| 020 | |a 9838772623 | ||
| 090 | 0 | 0 | |a NOR |b MAL |
| 100 | 0 | |a Norzatul Shema Yahaya | |
| 245 | 1 | 0 | |a Idolaku |c Norzatul Shema Yahaya |
| 260 | |a Petaling Jaya : |b Penerbit Prisma Sdn. Bhd. , |c 2005 | ||
| 300 | |a 131pg : |b col., ill ; |c 21.5cm. | ||
| 490 | 1 | |a Warna-warna hidup | |
| 500 | |a Teenager ages 13-18 years old (blue) | ||
| 650 | 0 | |a Malay fictions | |
| 999 | |a 0001140086 |b Book |c Teenagers |e Cawangan Taman Sri Lambak | ||